Geography - Z - Statistics

General Stats
  • This quiz has been taken 33 times
  • The average score is 7 of 15
Answer Stats
Hint Answer % Correct
This country has a $100,000,000,000,000 dollar bill due to runaway inflation. Zimbabwe
100%
Contains Victoria Falls. Zambia
97%
Swiss city. Zurich
97%
South Africa's largest ethnic group. Zulu
91%
Africa's longest east-flowing river. Zambezi
79%
Tanzanian island. Zanzibar
79%
The island Copenhagen lies on, Anglicized. Zealand
79%
Proposed 8th continent in the Pacific Ocean. Zealandia
18%
The Battle of Nahavand was fought in this mountain range. Zagros
15%
Ukrainian city with a nuclear powerplant. Zaporizhzhia
15%
Ancient culture in Mesoamerica. Zapotec
12%
Chinese word for 'Middle Kingdom'. Also an endonym. Zhongguo
9%
Assyrian king Aššurbelkala focused on building this attraction as his empire fell apart. Zoo
6%
Iranian city in the Sistan Basin. Zabol
0%
Alternative name for China's Pearl River. Zhu
0%
No matching quizzes found
Score Distribution
Percent of People with Each Score
Percentile by Number Answered
Your Score History
You have not taken this quiz